000 00969nam a2200289 i 4500
001 bg
100 1 _aSTAJUDA, Jerzy
_d(1936-1992)
245 1 0 _aO obrazach i innych takich /
_cJerzy Stajuda ; podały do dr. Jola Gola i Maryla Sitkowska.
260 _aWarszawa :
_bMuzeum Akademii Sztuk Pięknych,
_c2000.
300 _a575, [1] s. :
_bil. ;
_c27 cm.
500 _aGłównie art. i recenzje zamieszczane przez aut. w różnych czasopismach.
504 _aBibliogr. - Indeks.
600 1 9 _aStajuda, Jerzy (1936-1992)
650 9 _aKrytyka artystyczna polska
_y20 w.
650 9 _aSztuka
_xhistoria
_y20 w.
650 9 _aSztuka polska
_xhistoria
_y20 w.
655 _aSzkice literackie
700 1 _aGOLA, Jolanta.
_eOprac.
700 1 _aSITKOWSKA, Maryla.
_eOprac.
020 _a8387321370
040 _cBPK
041 0 _apl
080 _a7.072(438)"19"A/Z:7.03"19"
920 _a83-87321-37-0
942 _cKS
008 s pl f |000 0 pol
999 _c38100
_d38100
856 _uhttp://koha.tu.koszalin.pl/cgi-bin/koha/opac-detail.pl?biblionumber=38100
_yKatalog online BPK